[Event "Araraquara op 2nd"]
[Site "Araraquara"]
[Date "2024.02.11"]
[Round "3"]
[White "Cristino, Felipe Borges"]
[Black "Pereira, Juliano Resende M"]
[Result "0-1"]
[WhiteElo "1890"]
[BlackElo "2197"]
[PlyCount "92"]
[EventDate "2024.02.10"]
[EventType "swiss"]
[EventRounds "7"]
[EventCountry "BRA"]
[SourceTitle "CB09_2024"]
[SourceDate "2024.02.28"]
[SourceVersion "1"]
[SourceVersionDate "2024.02.28"]
[SourceQuality "1"]

1. d4 Nf6 2. c4 e6 3. Nc3 d5 4. cxd5 exd5 5. Bg5 c6 6. e3 Bd6 7. Bd3 0-0 8. Qc2 h6 9. Bh4 a5 10. Nge2 Na6 11. a3 Nc7 12. Kf1 Re8 13. Bg3 Bxg3 14. Nxg3 Ne6 15. f3 c5 16. Nf5 cxd4 17. Nxd4 Nxd4 18. exd4 Qb6 19. Qf2 Bd7 20. h4 Qd6 21. g3 Rab8 22. a4 Re6 23. Bf5 Re7 24. Bxd7 Nxd7 25. Kg2 Nf8 26. Rae1 Re6 27. f4 Nd7 28. Rxe6 fxe6 29. Re1 Rc8 30. f5 Re8 31. Qe3 e5 32. dxe5 Rxe5 33. Qf4 d4 34. Rxe5 Nxe5 35. Ne4 Qd5 36. Kh3 Nd3 37. Qb8+ Kh7 38. Qe8 Qxf5+ 39. Kh2 Ne5 40. Ng5+ hxg5 41. Qh5+ Kg8 42. Qe8+ Qf8 43. Qxe5 gxh4 44. gxh4 Qf2+ 45. Kh3 Qe3+ 46. Qg3 Kh7 0-1

[Event "Araraquara op 2nd"]
[Site "Araraquara"]
[Date "2024.02.11"]
[Round "4"]
[White "Pereira, Juliano Resende M"]
[Black "Matsuura, Everaldo"]
[Result "0-1"]
[WhiteElo "2197"]
[BlackElo "2395"]
[PlyCount "90"]
[EventDate "2024.02.10"]
[EventType "swiss"]
[EventRounds "7"]
[EventCountry "BRA"]
[SourceTitle "CB09_2024"]
[SourceDate "2024.02.28"]
[SourceVersion "1"]
[SourceVersionDate "2024.02.28"]
[SourceQuality "1"]

1. d4 d5 2. c4 dxc4 3. Nf3 Nf6 4. e3 e6 5. Bxc4 a6 6. 0-0 c5 7. dxc5 Bxc5 8. Qxd8+ Kxd8 9. Nc3 Ke7 10. b3 b5 11. Be2 Bb7 12. Bb2 Nbd7 13. Rfd1 Rhd8 14. Ne1 e5 15. Nf3 Rac8 16. Rac1 g6 17. Nb1 Bd6 18. Nbd2 e4 19. Nd4 Ne5 20. a3 Nfd7 21. Rxc8 Rxc8 22. Rc1 Rxc1+ 23. Bxc1 Nc5 24. Nb1 f5 25. Bd2 Bd5 26. Bd1 Ncd3 27. Kf1 Bc5 28. Bc3 Kd6 29. h3 f4 30. Bc2 fxe3 31. fxe3 Nc6 32. b4 Bxd4 33. exd4 Bc4 34. Nd2 Kd5 35. Bxd3 exd3 36. Kf2 Nxd4 37. Nf3 Nc2 38. Bb2 Ke4 39. Nd2+ Kf5 40. Nf3 Bd5 41. Nd2 g5 42. g3 h5 43. Nf1 h4 44. gxh4 gxh4 45. Ne3+ Ke4 0-1

[Event "Araraquara op 2nd"]
[Site "Araraquara"]
[Date "2024.02.10"]
[Round "2"]
[White "Pereira, Juliano Resende M"]
[Black "Leao, Flavio Sanchez"]
[Result "1-0"]
[WhiteElo "2197"]
[BlackElo "1792"]
[PlyCount "67"]
[EventDate "2024.02.10"]
[EventType "swiss"]
[EventRounds "7"]
[EventCountry "BRA"]
[SourceTitle "CB09_2024"]
[SourceDate "2024.02.28"]
[SourceVersion "1"]
[SourceVersionDate "2024.02.28"]
[SourceQuality "1"]

1. c4 Nf6 2. Nc3 e6 3. Nf3 d5 4. e3 c6 5. d4 Nbd7 6. Bd2 Bd6 7. Rc1 0-0 8. Bd3 dxc4 9. Bxc4 e5 10. 0-0 exd4 11. exd4 Nb6 12. Bb3 h6 13. Ne5 Nbd5 14. Re1 Bf5 15. Nxd5 Nxd5 16. Bxd5 cxd5 17. Qb3 Rb8 18. Bb4 Be6 19. Qa3 Bxb4 20. Qxb4 Re8 21. Qa3 Qb6 22. Qc3 Rbc8 23. Qd2 Rxc1 24. Rxc1 Rc8 25. Rxc8+ Bxc8 26. h3 Be6 27. a3 Kf8 28. Qc3 Kg8 29. Nd3 Qd8 30. Nf4 Qb6 31. Nh5 Kh8 32. b4 Qd8 33. Qg3 g6 34. Qe5+ 1-0

[Event "Titled Tuesday intern op 06th July"]
[Site "Chess.com INT"]
[Date "2021.07.06"]
[Round "1"]
[White "Iljiushenok, Ilia"]
[Black "Pereira, Juliano Resende M"]
[Result "0-1"]
[WhiteElo "2546"]
[BlackElo "2197"]
[PlyCount "92"]
[EventDate "2021.07.06"]
[EventType "swiss (blitz)"]
[EventRounds "11"]
[EventCountry "USA"]
[SourceTitle "EXT 2022"]
[Source "ChessBase"]
[SourceDate "2021.10.06"]
[SourceVersion "1"]
[SourceVersionDate "2021.10.06"]
[SourceQuality "1"]

1. d4 Nf6 2. Bf4 d5 3. Nf3 c5 4. e3 cxd4 5. exd4 Qb6 6. Nc3 a6 7. a3 Bg4 8. Be2 Nc6 9. Na4 Qd8 10. 0-0 e6 11. c3 Be7 12. h3 Bh5 13. Re1 0-0 14. b4 b6 15. Qb3 Ne4 16. Ne5 Nxe5 17. Bxe5 Bxe2 18. Rxe2 Nd6 19. Rae1 Nc4 20. Bg3 Rc8 21. Nb2 Nxb2 22. Qxb2 Bd6 23. Re3 Rc7 24. Qe2 b5 25. a4 Rc4 26. Ra1 Qc7 27. Bxd6 Qxd6 28. axb5 axb5 29. Rg3 Rfc8 30. Ra3 Qc7 31. Qg4 g6 32. Rf3 Qb7 33. Qf4 Qc7 34. Qf6 Qd7 35. h4 R4c7 36. h5 Qd8 37. Qf4 Qf8 38. h6 Qd8 39. Ra6 Qe7 40. Qe5 Qf8 41. Rxe6 Qxh6 42. Re8+ Rxe8 43. Qxe8+ Qf8 44. Qxb5 Qd6 45. Qe8+ Kg7 46. b5 Re7 0-1

[Event "Titled Tuesday intern op 06th July"]
[Site "Chess.com INT"]
[Date "2021.07.06"]
[Round "6"]
[White "Sardana, Rishi"]
[Black "Pereira, Juliano Resende M"]
[Result "1-0"]
[WhiteElo "2461"]
[BlackElo "2197"]
[PlyCount "49"]
[EventDate "2021.07.06"]
[EventType "swiss (blitz)"]
[EventRounds "11"]
[EventCountry "USA"]
[SourceTitle "EXT 2022"]
[Source "ChessBase"]
[SourceDate "2021.10.06"]
[SourceVersion "1"]
[SourceVersionDate "2021.10.06"]
[SourceQuality "1"]

1. d4 Nf6 2. Nf3 e6 3. c4 d5 4. Nc3 Be7 5. Bf4 0-0 6. e3 c6 7. Qc2 Re8 8. Bd3 dxc4 9. Bxc4 b5 10. Bd3 Bb7 11. Ne4 Qa5+ 12. Nfd2 Nd5 13. Bd6 Nb4 14. Bxb4 Bxb4 15. 0-0 Nd7 16. Nb3 Qb6 17. Nbc5 Nf8 18. Nd6 Bxc5 19. dxc5 Qc7 20. Nxe8 Rxe8 21. Rfd1 Bc8 22. Be2 e5 23. Rd6 f5 24. Rad1 Ng6 25. Bh5 1-0

[Event "Titled Tuesday intern op 06th July"]
[Site "Chess.com INT"]
[Date "2021.07.06"]
[Round "3"]
[White "Shahade, Gregory P"]
[Black "Pereira, Juliano Resende M"]
[Result "1-0"]
[WhiteElo "2476"]
[BlackElo "2197"]
[PlyCount "91"]
[EventDate "2021.07.06"]
[EventType "swiss (blitz)"]
[EventRounds "11"]
[EventCountry "USA"]
[SourceTitle "EXT 2022"]
[Source "ChessBase"]
[SourceDate "2021.10.06"]
[SourceVersion "1"]
[SourceVersionDate "2021.10.06"]
[SourceQuality "1"]

1. e4 c5 2. Nf3 d6 3. d4 cxd4 4. Nxd4 Nf6 5. Nc3 a6 6. Be3 Nbd7 7. f3 e6 8. Qd2 b5 9. g4 Ne5 10. g5 Nfd7 11. f4 Nc4 12. Bxc4 bxc4 13. 0-0-0 Qc7 14. f5 Ne5 15. fxe6 fxe6 16. Rhf1 Be7 17. Qg2 Rb8 18. Qh3 Qd7 19. Rd2 Qb7 20. b3 cxb3 21. axb3 Qc7 22. Nxe6 Bxe6 23. Qxe6 Qxc3 24. Bd4 Qc8 25. Qd5 Rb5 26. Bxe5 Rxd5 27. exd5 Bxg5 28. Bxd6 Bxd2+ 29. Kxd2 Qd7 30. Re1+ Kd8 31. Re6 Re8 32. Rxe8+ Kxe8 33. Bf4 Qxd5+ 34. Ke3 g6 35. c4 Qd1 36. Be5 Qxb3+ 37. Kd4 Qd1+ 38. Kc5 a5 39. Kb5 Qb1+ 40. Kxa5 Kd7 41. Bc3 Kc6 42. Ka4 Qb3+ 43. Kxb3 Kc5 44. Bd2 g5 45. Bxg5 Kd4 46. Bh6 1-0

[Event "Titled Tuesday intern op 4th Aug 2pm"]
[Site "Chess.com INT"]
[Date "2020.08.04"]
[Round "6"]
[White "Pereira, Juliano Resende M"]
[Black "Palacio, Igor Da Paz"]
[Result "1-0"]
[WhiteElo "2197"]
[BlackElo "2172"]
[PlyCount "49"]
[EventDate "2020.08.04"]
[EventType "swiss (blitz)"]
[EventRounds "10"]
[EventCountry "USA"]
[SourceTitle "CBM 197 Extra"]
[Source "ChessBase"]
[SourceDate "2020.09.30"]
[SourceVersion "1"]
[SourceVersionDate "2020.09.30"]
[SourceQuality "1"]

1. e4 d6 2. d4 Nf6 3. Nc3 g6 4. Bf4 c6 5. Qd2 Qa5 6. Bd3 e5 7. dxe5 dxe5 8. Bg5 Nbd7 9. Nge2 h6 10. Bh4 g5 11. Bg3 Nh5 12. 0-0-0 Nf4 13. Rhg1 Nc5 14. Bc4 b5 15. Bb3 Nxb3+ 16. cxb3 Be6 17. Kb1 Bb4 18. Qe3 0-0 19. h4 Nxe2 20. Nxe2 f6 21. hxg5 fxg5 22. Bxe5 Rad8 23. Nd4 Bd7 24. Rh1 Kh7 25. Qxg5 1-0

[Event "Titled Tuesday intern op 4th Aug 10am"]
[Site "Chess.com INT"]
[Date "2020.08.04"]
[Round "4"]
[White "Priasmoro, Novendra"]
[Black "Pereira, Juliano Resende M"]
[Result "1-0"]
[WhiteElo "2502"]
[BlackElo "2197"]
[PlyCount "108"]
[EventDate "2020.08.04"]
[EventType "swiss (blitz)"]
[EventRounds "10"]
[EventCountry "USA"]
[SourceTitle "CBM 197 Extra"]
[Source "ChessBase"]
[SourceDate "2020.09.30"]
[SourceVersion "1"]
[SourceVersionDate "2020.09.30"]
[SourceQuality "1"]

1. e4 e5 2. Nf3 Nc6 3. Bb5 a6 4. Bxc6 dxc6 5. 0-0 Bg4 6. h3 h5 7. d3 Qf6 8. Be3 Bxf3 9. Qxf3 Qxf3 10. gxf3 Bd6 11. Nd2 Ne7 12. Nc4 Ng6 13. Rfd1 0-0-0 14. Kf1 f6 15. Ke2 Nf8 16. f4 exf4 17. Nxd6+ cxd6 18. Bxf4 Ne6 19. Be3 d5 20. f3 Rhe8 21. Rg1 g5 22. h4 dxe4 23. fxe4 Rg8 24. Raf1 Rdf8 25. hxg5 fxg5 26. Rxf8+ Rxf8 27. Bxg5 Nd4+ 28. Kd1 Nf3 29. Rf1 Rf7 30. Be3 h4 31. Ke2 Ne5 32. Rxf7 Nxf7 33. Bf4 Kd7 34. Kf3 Nh8 35. Kg4 Ng6 36. d4 Ke6 37. Bg5 b5 38. Bxh4 c5 39. c3 b4 40. Bg3 bxc3 41. bxc3 cxd4 42. cxd4 Ne7 43. Kf3 Nc8 44. d5+ Kd7 45. e5 Nb6 46. Ke4 Nc4 47. e6+ Ke7 48. Kd4 Nd2 49. Bf4 Nf3+ 50. Kc5 Ne1 51. Bg5+ Ke8 52. d6 Nd3+ 53. Kd4 Nb4 54. d7+ Kf8 1-0

[Event "Titled Tuesday intern op 4th Aug 2pm"]
[Site "Chess.com INT"]
[Date "2020.08.04"]
[Round "5"]
[White "Tarini, Goyal"]
[Black "Pereira, Juliano Resende M"]
[Result "1-0"]
[WhiteElo "2164"]
[BlackElo "2197"]
[PlyCount "185"]
[EventDate "2020.08.04"]
[EventType "swiss (blitz)"]
[EventRounds "10"]
[EventCountry "USA"]
[SourceTitle "CBM 197 Extra"]
[Source "ChessBase"]
[SourceDate "2020.09.30"]
[SourceVersion "1"]
[SourceVersionDate "2020.09.30"]
[SourceQuality "1"]

1. d4 Nf6 2. c4 e6 3. g3 d5 4. Nf3 Bb4+ 5. Bd2 a5 6. Bg2 0-0 7. 0-0 dxc4 8. Qc2 Bxd2 9. Nbxd2 b5 10. a4 c6 11. Rfd1 Na6 12. Ne5 Nb4 13. Nxc6 Nxc2 14. Nxd8 Nxa1 15. Bxa8 Rxd8 16. Rxa1 b4 17. e3 Ba6 18. Bc6 Rc8 19. Bb5 Bxb5 20. axb5 Nd5 21. Rxa5 c3 22. bxc3 bxc3 23. Nb3 c2 24. Nc1 h5 25. Kf1 Rb8 26. Ke1 Nc3 27. Kd2 Nxb5 28. Kxc2 Nd6 29. Nd3 g6 30. Ra7 Ne4 31. f3 Rc8+ 32. Kd1 Nc3+ 33. Ke1 Nd5 34. Kd2 Rb8 35. e4 Nb6 36. Ne5 f6 37. Nxg6 Rd8 38. Ke3 Nc4+ 39. Kd3 Nd6 40. Ne7+ Kf8 41. Ng6+ Kg8 42. Ne7+ Kf8 43. Nc6 Rc8 44. d5 exd5 45. exd5 Re8 46. Rd7 Nf5 47. Rd8 Rxd8 48. Nxd8 Ke7 49. Ne6 Kd6 50. Ke4 Ne7 51. Nf4 f5+ 52. Kd4 h4 53. gxh4 Ng8 54. h5 Nh6 55. h3 Nf7 56. h4 Nh6 57. Ne2 Nf7 58. Ng3 f4 59. Ne2 Kd7 60. Nxf4 Nh6 61. Ke4 Kd6 62. Ng6 Nf7 63. f4 Nh6 64. f5 Kd7 65. Nf4 Ke7 66. Ke5 Ng4+ 67. Ke4 Nf6+ 68. Kd4 Kd6 69. h6 Nh7 70. Nh5 Ke7 71. f6+ Kf7 72. Ke5 Kg6 73. Nf4+ Kf7 74. d6 Nxf6 75. h7 Nd7+ 76. Kd5 Kg7 77. Kc6 Ne5+ 78. Kc7 Kxh7 79. d7 Nf7 80. d8Q Nxd8 81. Kxd8 Kg7 82. h5 Kf6 83. Kd7 Kg5 84. Kd6 Kf6 85. Kd5 Kf5 86. Kd6 Kf6 87. Kd7 Kf7 88. Nh3 Kf6 89. Ke8 Kg7 90. Nf4 Kf6 91. Kf8 Kg5 92. Kg7 Kf5 93. h6 1-0

[Event "Titled Tuesday intern op 4th Aug 2pm"]
[Site "Chess.com INT"]
[Date "2020.08.04"]
[Round "3"]
[White "Tristan, Leonardo"]
[Black "Pereira, Juliano Resende M"]
[Result "1-0"]
[WhiteElo "2535"]
[BlackElo "2197"]
[PlyCount "87"]
[EventDate "2020.08.04"]
[EventType "swiss (blitz)"]
[EventRounds "10"]
[EventCountry "USA"]
[SourceTitle "CBM 197 Extra"]
[Source "ChessBase"]
[SourceDate "2020.09.30"]
[SourceVersion "1"]
[SourceVersionDate "2020.09.30"]
[SourceQuality "1"]

1. d4 Nf6 2. Bf4 d6 3. Nf3 g6 4. e3 Bg7 5. Be2 0-0 6. 0-0 b6 7. h3 Bb7 8. Bh2 Nbd7 9. a4 a6 10. Nbd2 c5 11. c3 Rc8 12. Bd3 Rc7 13. Qe2 Qa8 14. e4 cxd4 15. cxd4 e5 16. dxe5 dxe5 17. Nxe5 Nxe5 18. Bxe5 Re7 19. Bd6 Re6 20. Bxf8 Kxf8 21. Rfe1 Nxe4 22. Bxe4 Bxe4 23. Nxe4 f5 24. Qf3 Rxe4 25. Rxe4 Qxe4 26. Qxe4 fxe4 27. Re1 Bxb2 28. Rxe4 Ba3 29. Rc4 b5 30. Rc8+ Kg7 31. Ra8 bxa4 32. Rxa6 Bb2 33. Rxa4 h5 34. Kf1 Bc1 35. Ke2 Bg5 36. Ra6 Bc1 37. Kf3 Bd2 38. Ke4 Bc1 39. f4 Bd2 40. f5 gxf5+ 41. Kxf5 Bc1 42. Ra4 Bd2 43. Rh4 Kh6 44. g4 1-0

[Event "Titled Tuesday intern op 14th April"]
[Site "Chess.com INT"]
[Date "2020.04.14"]
[Round "7"]
[White "Papp, Levente"]
[Black "Pereira, Juliano Resende M"]
[Result "1-0"]
[WhiteElo "2361"]
[BlackElo "2197"]
[PlyCount "53"]
[EventDate "2020.04.14"]
[EventType "swiss (blitz)"]
[EventRounds "10"]
[EventCountry "USA"]
[SourceTitle "EXT 2021"]
[Source "ChessBase"]
[SourceDate "2020.10.23"]
[SourceVersion "1"]
[SourceVersionDate "2020.10.23"]
[SourceQuality "1"]

1. c4 d6 2. Nc3 g6 3. g3 Bg7 4. Bg2 Nf6 5. e4 0-0 6. Nge2 e5 7. 0-0 Nc6 8. d3 h6 9. h3 Be6 10. Nd5 Nd7 11. Be3 Kh7 12. Rb1 a5 13. b3 Nb4 14. a3 Na6 15. b4 c6 16. Ndc3 axb4 17. axb4 Nc7 18. f4 f5 19. exf5 gxf5 20. b5 Nb8 21. bxc6 bxc6 22. c5 d5 23. fxe5 Bxe5 24. d4 Bg7 25. Bf4 Ra3 26. Rb7 Ne8 27. Rxb8 1-0

[Event "Titled Tuesday intern op 7th Januar"]
[Site "Chess.com INT"]
[Date "2020.01.07"]
[Round "3"]
[White "Eggink, Ryszard"]
[Black "Pereira, Juliano Resende M"]
[Result "0-1"]
[WhiteElo "2402"]
[BlackElo "2197"]
[PlyCount "64"]
[EventDate "2020.01.07"]
[EventType "swiss (blitz)"]
[EventRounds "10"]
[EventCountry "USA"]
[SourceTitle "EXT 2021"]
[Source "ChessBase"]
[SourceDate "2020.10.23"]
[SourceVersion "1"]
[SourceVersionDate "2020.10.23"]
[SourceQuality "1"]

1. e4 e5 2. Nf3 Nc6 3. Bb5 a6 4. Ba4 Nf6 5. 0-0 Be7 6. d3 b5 7. Bb3 d6 8. a4 Rb8 9. axb5 axb5 10. Nc3 0-0 11. Nd5 Bg4 12. c3 Nxd5 13. Bxd5 Qd7 14. h3 Be6 15. Bxe6 fxe6 16. Nh2 Kh8 17. Qg4 b4 18. f4 exf4 19. Bxf4 bxc3 20. bxc3 Bf6 21. d4 Qe7 22. Bd2 Rb2 23. Nf3 e5 24. d5 Nb8 25. Bg5 Nd7 26. Bxf6 gxf6 27. Nh4 Rg8 28. Qe6 Qg7 29. g4 Qh6 30. Qxd7 Qe3+ 31. Kh1 Qxh3+ 32. Kg1 Qh2# 0-1

[Event "Titled Tuesday intern op 7th Januar"]
[Site "Chess.com INT"]
[Date "2020.01.07"]
[Round "8"]
[White "Pereira, Juliano Resende M"]
[Black "Ynojosa Aponte, Felix Jose"]
[Result "0-1"]
[WhiteElo "2197"]
[BlackElo "2396"]
[PlyCount "118"]
[EventDate "2020.01.07"]
[EventType "swiss (blitz)"]
[EventRounds "10"]
[EventCountry "USA"]
[SourceTitle "EXT 2021"]
[Source "ChessBase"]
[SourceDate "2020.10.23"]
[SourceVersion "1"]
[SourceVersionDate "2020.10.23"]
[SourceQuality "1"]

1. e4 c5 2. Nc3 Nc6 3. Nf3 d6 4. Bb5 e5 5. h3 Nf6 6. 0-0 Be7 7. d3 0-0 8. a3 Nd4 9. Nxd4 cxd4 10. Ne2 d5 11. exd5 Nxd5 12. Bc4 Be6 13. Ng3 Rc8 14. Re1 Qc7 15. Bd2 Nf4 16. Bxe6 fxe6 17. Rc1 Rf6 18. Bxf4 Rxf4 19. Ne4 Rcf8 20. Qd2 g6 21. c4 h5 22. b4 R8f7 23. c5 Bf8 24. Qa2 Qc6 25. Rc2 Be7 26. a4 Qd5 27. Qc4 Kg7 28. b5 Rf8 29. c6 bxc6 30. Qxc6 Qb3 31. Qc4 Qxc4 32. Rxc4 Bd8 33. Rc6 Ba5 34. Rec1 Re8 35. f3 Rf7 36. R1c4 Rd7 37. Nc5 Rde7 38. Ne4 h4 39. Rd6 Kh6 40. Rcc6 Bb4 41. Nc5 Kh5 42. Rxe6 Bxc5 43. Rxg6 Bb6 44. Rh6+ Kg5 45. Rcg6+ Kf4 46. Kf2 Rc8 47. Rf6+ Kg5 48. Rhg6+ Kh5 49. Rh6+ Kg5 50. g4 Rc2+ 51. Ke1 Rg7 52. Rc6 Ba5+ 53. Kd1 Rd2+ 54. Kc1 Kf4 55. Rhf6+ Ke3 56. Rg6 Rxg6 57. Rxg6 Kxd3 58. Ra6 Bc3 59. g5 Ra2 0-1

[Event "Titled Tuesday intern op 7th Januar"]
[Site "Chess.com INT"]
[Date "2020.01.07"]
[Round "7"]
[White "Wagner, Dennis"]
[Black "Pereira, Juliano Resende M"]
[Result "1/2-1/2"]
[WhiteElo "2595"]
[BlackElo "2197"]
[PlyCount "70"]
[EventDate "2020.01.07"]
[EventType "swiss (blitz)"]
[EventRounds "10"]
[EventCountry "USA"]
[SourceTitle "EXT 2021"]
[Source "ChessBase"]
[SourceDate "2020.10.23"]
[SourceVersion "1"]
[SourceVersionDate "2020.10.23"]
[SourceQuality "1"]

1. d4 Nf6 2. Nf3 g6 3. g3 Bg7 4. Bg2 0-0 5. 0-0 d5 6. Nbd2 c6 7. b3 Bf5 8. Bb2 Ne4 9. c4 Qa5 10. e3 Nxd2 11. Nxd2 Rd8 12. Qe2 Nd7 13. g4 Be6 14. f4 Nf6 15. f5 Bd7 16. g5 Ne8 17. fxg6 fxg6 18. cxd5 cxd5 19. b4 Qb5 20. Qf2 Be6 21. Nb3 b6 22. e4 dxe4 23. h4 Nd6 24. d5 Bf5 25. Bxg7 Kxg7 26. Qb2+ Kg8 27. Qe5 Re8 28. Nd4 Qxb4 29. Rxf5 Nxf5 30. Nxf5 gxf5 31. Qe6+ Kg7 32. Qe5+ Kg6 33. Qe6+ Kg7 34. Qe5+ Kg8 35. Qe6+ Kg7 1/2-1/2

[Event "Titled Tuesday intern op 3rd Sept"]
[Site "Chess.com INT"]
[Date "2019.09.03"]
[Round "6"]
[White "Pereira, Juliano Resende M"]
[Black "Chambers, Ezra Paul"]
[Result "0-1"]
[WhiteElo "2197"]
[BlackElo "2194"]
[PlyCount "60"]
[EventDate "2019.09.03"]
[EventType "swiss (blitz)"]
[EventRounds "10"]
[EventCountry "USA"]
[SourceTitle "EXT 2021"]
[Source "ChessBase"]
[SourceDate "2020.10.23"]
[SourceVersion "1"]
[SourceVersionDate "2020.10.23"]
[SourceQuality "1"]

1. c4 c6 2. d4 d5 3. e3 Nf6 4. Nc3 e6 5. Nf3 Nbd7 6. Bd3 dxc4 7. Bxc4 b5 8. Bd3 Bd6 9. 0-0 0-0 10. Bd2 Bb7 11. Rc1 a6 12. Ne4 Nxe4 13. Bxe4 Rc8 14. b4 Nf6 15. Bb1 Nd5 16. a3 a5 17. Qc2 f5 18. e4 Nb6 19. exf5 exf5 20. bxa5 Nd5 21. Rfe1 Bxa3 22. Rcd1 Bd6 23. Ne5 c5 24. dxc5 Bxc5 25. Qb3 Kh8 26. Ba2 Qh4 27. Re2 f4 28. Nf3 Qf6 29. Qxb5 Ba6 30. Qb2 Qxb2 0-1

[Event "Titled Tuesday intern op 3rd Sept"]
[Site "Chess.com INT"]
[Date "2019.09.03"]
[Round "5"]
[White "Pereira, Juliano Resende M"]
[Black "Toncheva, Nadya"]
[Result "0-1"]
[WhiteElo "2197"]
[BlackElo "2007"]
[PlyCount "88"]
[EventDate "2019.09.03"]
[EventType "swiss (blitz)"]
[EventRounds "10"]
[EventCountry "USA"]
[SourceTitle "EXT 2021"]
[Source "ChessBase"]
[SourceDate "2020.10.23"]
[SourceVersion "1"]
[SourceVersionDate "2020.10.23"]
[SourceQuality "1"]

1. c4 g6 2. d4 Bg7 3. Nf3 d6 4. g3 Nd7 5. Bg2 e5 6. Nc3 Ne7 7. 0-0 0-0 8. e4 h6 9. Be3 f5 10. dxe5 dxe5 11. Qc2 f4 12. Bd2 g5 13. g4 Nc5 14. h3 Ne6 15. Nd5 Nc6 16. Bc3 Ncd4 17. Nxd4 exd4 18. Bb4 c5 19. Bd2 f3 20. Bh1 Be5 21. b4 Qd6 22. Rfe1 d3 23. Qxd3 Nd4 24. bxc5 Qe6 25. Bc3 Ne2+ 26. Rxe2 fxe2 27. Qxe2 Bd7 28. Rd1 Bc6 29. Qe3 Rf7 30. f3 Raf8 31. a3 Ba4 32. Rd2 Kh7 33. Rb2 Bc6 34. Qd3 h5 35. Bg2 hxg4 36. hxg4 Kg6 37. Ne3 Rd7 38. Qc2 Qf6 39. Bxe5 Qxe5 40. Nd5 Rh7 41. Qc3 Qg3 42. Rf2 Rh1+ 43. Kxh1 Qxf2 44. Qe3 Rh8+ 0-1

[Event "Titled Tuesday intern op 6th Aug"]
[Site "Chess.com INT"]
[Date "2019.08.06"]
[Round "9"]
[White "Pereira, Juliano Resende M"]
[Black "Krush, Irina"]
[Result "1-0"]
[WhiteElo "2197"]
[BlackElo "2417"]
[PlyCount "59"]
[EventDate "2019.08.06"]
[EventType "swiss (blitz)"]
[EventRounds "10"]
[EventCountry "USA"]
[SourceTitle "EXT 2021"]
[Source "ChessBase"]
[SourceDate "2020.10.23"]
[SourceVersion "1"]
[SourceVersionDate "2020.10.23"]
[SourceQuality "1"]

1. c4 c5 2. g3 Nc6 3. Bg2 g6 4. Nc3 Bg7 5. Nf3 e6 6. a3 Nge7 7. b4 cxb4 8. axb4 Nxb4 9. Ba3 Nbc6 10. Nb5 0-0 11. Bd6 Bxa1 12. Bc7 Bg7 13. Bxd8 Rxd8 14. Nd6 Nf5 15. Nxf5 exf5 16. h4 h5 17. 0-0 d6 18. Qb3 Ne5 19. Rb1 Nxf3+ 20. Bxf3 a5 21. Bd5 a4 22. Qa3 Ra7 23. Rb4 Bd7 24. Rxb7 Rxb7 25. Bxb7 Be8 26. Ba6 Ra8 27. Bb5 Kf8 28. Qxd6+ Kg8 29. Bxe8 a3 30. Bxf7+ 1-0

[Event "Titled Tuesday intern op 6th Aug"]
[Site "Chess.com INT"]
[Date "2019.08.06"]
[Round "8"]
[White "Pereira, Juliano Resende M"]
[Black "Lauridsen, Jesper Morch"]
[Result "1-0"]
[WhiteElo "2197"]
[BlackElo "2240"]
[PlyCount "50"]
[EventDate "2019.08.06"]
[EventType "swiss (blitz)"]
[EventRounds "10"]
[EventCountry "USA"]
[SourceTitle "EXT 2021"]
[Source "ChessBase"]
[SourceDate "2020.10.23"]
[SourceVersion "1"]
[SourceVersionDate "2020.10.23"]
[SourceQuality "1"]

1. c4 e6 2. g3 d5 3. Bg2 c5 4. Nf3 Nc6 5. 0-0 Nf6 6. b3 Be7 7. Bb2 0-0 8. e3 dxc4 9. bxc4 Qc7 10. Nc3 a6 11. Rc1 Rd8 12. Qe2 b5 13. cxb5 axb5 14. Nxb5 Qb6 15. Ne5 Nxe5 16. Bxe5 Ba6 17. a4 Bxb5 18. axb5 Ra2 19. Rfd1 Nd5 20. Qc4 Nb4 21. d4 cxd4 22. Rxd4 Rf8 23. Rg4 f6 24. Bc7 Qc5 25. Qxe6+ Rf7 1-0

[Event "Titled Tuesday intern op 4th June"]
[Site "Chess.com INT"]
[Date "2019.06.04"]
[Round "10"]
[White "Della Morte, German"]
[Black "Pereira, Juliano Resende M"]
[Result "1-0"]
[WhiteElo "2366"]
[BlackElo "2197"]
[PlyCount "31"]
[EventDate "2019.06.04"]
[EventType "swiss (blitz)"]
[EventRounds "10"]
[EventCountry "USA"]
[SourceTitle "EXT 2021"]
[Source "ChessBase"]
[SourceDate "2020.10.23"]
[SourceVersion "1"]
[SourceVersionDate "2020.10.23"]
[SourceQuality "1"]

1. e4 c5 2. Nf3 d6 3. Bb5+ Nc6 4. 0-0 Bg4 5. h3 Bxf3 6. Qxf3 Rc8 7. c3 Nf6 8. d4 cxd4 9. cxd4 a6 10. Bxc6+ bxc6 11. e5 Nd5 12. Nd2 e6 13. Ne4 Be7 14. Qg3 Kf8 15. exd6 Bf6 16. Be3 1-0

[Event "Titled Tuesday intern op 4th June"]
[Site "Chess.com INT"]
[Date "2019.06.04"]
[Round "6"]
[White "Lianes Garcia, Marcos"]
[Black "Pereira, Juliano Resende M"]
[Result "1-0"]
[WhiteElo "2346"]
[BlackElo "2197"]
[PlyCount "177"]
[EventDate "2019.06.04"]
[EventType "swiss (blitz)"]
[EventRounds "10"]
[EventCountry "USA"]
[SourceTitle "EXT 2021"]
[Source "ChessBase"]
[SourceDate "2020.10.23"]
[SourceVersion "1"]
[SourceVersionDate "2020.10.23"]
[SourceQuality "1"]

1. e4 c5 2. g3 d6 3. Bg2 Nf6 4. Ne2 Nc6 5. 0-0 e5 6. c3 g6 7. d4 cxd4 8. cxd4 Bg4 9. f3 Bd7 10. Be3 Bg7 11. Nbc3 0-0 12. Qd2 Na5 13. b3 Be6 14. Rfd1 b6 15. Qe1 Qe7 16. Rac1 Rac8 17. h3 Rfd8 18. d5 Bd7 19. Kh2 Nh5 20. Qd2 f5 21. g4 fxg4 22. fxg4 Nf4 23. Nxf4 exf4 24. Bxf4 Rf8 25. Ne2 Be5 26. Rxc8 Bxc8 27. Rf1 Ba6 28. Bxe5 Qxe5+ 29. Kg1 Rxf1+ 30. Kxf1 Nb7 31. b4 Nd8 32. Kg1 Bxe2 33. Qxe2 Nf7 34. h4 Qd4+ 35. Qf2 Qxb4 36. g5 Qc5 37. Bh3 Ne5 38. Be6+ Kg7 39. Kg2 Qxf2+ 40. Kxf2 h6 41. Ke3 hxg5 42. hxg5 b5 43. Bh3 b4 44. Bf1 Kf7 45. Bb5 Ke7 46. Kf4 a5 47. Ke3 Kd8 48. Ba4 Kc7 49. Be8 Kb6 50. Kd4 Nf3+ 51. Kd3 Nxg5 52. Bxg6 Nf3 53. Be8 Ne5+ 54. Kd4 Nf3+ 55. Kd3 Kc5 56. Ba4 Ne5+ 57. Ke3 Kc4 58. Kf4 Kd4 59. Kf5 Nc4 60. Ke6 Kc5 61. Bb3 Ne5 62. Ba4 Nd3 63. Bc2 Nf4+ 64. Kf5 Ne2 65. Ba4 Nd4+ 66. Kf6 Nf3 67. Ke6 Ne5 68. Bc2 Nc4 69. Ba4 Nb6 70. Bc2 a4 71. Bd1 a3 72. Bb3 Na8 73. e5 dxe5 74. Kxe5 Nc7 75. d6 Na6 76. d7 Nb8 77. Ke6 Nc6 78. Ba4 Nd8+ 79. Ke7 Nb7 80. d8Q Nxd8 81. Kxd8 Kd6 82. Bb3 Kc6 83. Ke7 Kc5 84. Ke6 Kd4 85. Kd6 Kc3 86. Kc5 Kb2 87. Kxb4 Kb1 88. Kxa3 Kc1 89. Kb4 1-0